Регионална библиотека "Любен Каравелов" - Русе

Загадки и обещания (Запис номер 10706)

MARC детайли
000 -Лидер
Контролно поле с фиксирана дължина 01325nam a2200349 c 4500
003 - Код на организацията, давaща контролен номер
Контролно поле BLK
005 - Дата и час на последна редакция
Контролно поле 20250730115026.0
008 - Елементи от данни с фиксирана дължина
fixed length control field 180412b bul|||||r ||||||| ||bul||
010 ## - Наследен системен номер
LC control number KNG00012212000
020 ## - Международен стандартен номер на книга ISBN
Международен стандартен номер на книга ISBN 954-706-003-1
-- издат.: Коломбина
040 ## - Източник на каталожния запис
Идентификатор на билиотеката - собственик на записа BLK
041 ## - Код за език
Код за езика на текст/звукозапис или на отделно заглавие Български
Код за езика КДБФ Български
080 ## - УДК
Текстов определител УДК Американска литература (на САЩ)
УДК код - определител по УДК 821.111(73)
УДК определител -31
УДК - код + определител 821.111(73)-31
100 1# - Редна дума - Автор
Автор Делински, Барбара
Авторска отговорност първи автор
R(LIN) 59608
139 ## - Редно поле
Редна дума Делински, Барбара
Авторски знак Дели - Д 37
245 10 - Сведения за заглавието
Заглавие Загадки и обещания
Подзаглавни данни [Роман]
Редно поле (дума) Барбара Делински; прев. Мая Мечкуева.
257 ## - Страна на издаване
Страна на създаване/издаване Съединени американски щати
260 ## - Област на издателските данни
-- София
Име на издателя, разпространителя и проч. Коломбина
Година на издаване 1996
300 ## - Физическа характеристика
Страници 220 с.
Размери/Мащаб 20 см
380 ## - Жанр
Жанр Худож. лит.
490 1# - СЕРИИ (Колекции)
Име на серия Harlequin
490 1# - СЕРИИ (Колекции)
-- Подсерия
Име на серия Бестселър
№: серия 3
500 ## - Общи забележки
Забележка Ориг. загл. Threats and Promises / Barbara Delinsky. - 6 000 тир.
653 ## - Ключова дума – ненормативна
Ключова дума романтична проза
700 1# - Други автори (авторска отговорност)
Лично име Мечкуева, Мая
Автороска отговорност (Описва отношението между автора и произведението) прев.
9 (RLIN) 363952
852 ## - Местоположение
Форматна сигнатура Цб 188434
856 4# - Електронен адрес и достъп
Електронен формат pdf - файл
Път до файла /url/
856 4# - Електронен адрес и достъп
Електронен формат pdf - файл
Път до файла /url/
942 ## - АРТИКУЛИ
Вид на библиотечния материал Книги
Скрит в OPAC Не
Koha issues (borrowed), all copies 48
944 ## - СЪЗДАВАНЕ И РЕДАКЦИЯ на ЗАПИСА
Създаване/Редакция Създаване
Дата на регистрацията/редакция 15.01.2003
Статус, дата на статуса Цветелина Шанова
Служител, извършил регистрацията/редакцията 30531
944 ## - СЪЗДАВАНЕ И РЕДАКЦИЯ на ЗАПИСА
Създаване/Редакция Редакция
Дата на регистрацията/редакция 23.06.2016
Статус, дата на статуса ф /
Служител, извършил регистрацията/редакцията Людмила_Стоянова
999 ## - СИСТЕМНИ КОНТРОЛНИ НОМЕРА
Koha biblionumber 10706
Koha biblioitemnumber 10706
Наличности
Код за отписване Код за изгубен артикул Източник на класификационната схема Код за повреда Коз за рестрикции Код за отдаване Артикулен № Име на библиотеката - собственик Име на библиотеката, в която се намира в момента Статус (Текущо местоположение) Дата на вписване в системата Местоположение - отдел Цена в лева Инвентарен номер Систематично азбучна сигнатура Баркод Номер на екземпляра Цена в евро Служебна бележка Служебен тип на артикула
Изтеглен Не е изгубен Universal Decimal Classification Не е повреден без рестрикции заемане за дома 18550 Регионална библиотека "Любен Каравелов" Русе Регионална библиотека "Любен Каравелов" Русе Заемна - подръчен фонд 2001-01-01 Заемна - подръчен фонд 0.72 621209 П 820(73)-31/Д 37 621209 1 0.37 Дост: Pk Вид: Ф N: стар фонд Дата: 01.01.1996 Книги
Изтеглен Не е изгубен Universal Decimal Classification Не е повреден без рестрикции заемане за дома 18551 Регионална библиотека "Любен Каравелов" Русе Регионална библиотека "Любен Каравелов" Русе Заемна - подръчен фонд 2001-01-01 Заемна - подръчен фонд 0.72 621210 П 820(73)-31/Д 37 621210 2 0.37 Дост: Pk Вид: Ф N: стар фонд Дата: 01.01.1996 Дата инв: 17.02.2018 Бележки инв: П2018 Книги
  Не е изгубен Universal Decimal Classification Не е повреден без рестрикции ползва се в читалня 18552 Регионална библиотека "Любен Каравелов" Русе Регионална библиотека "Любен Каравелов" Русе Хранилище 2001-01-01 Хранилище 0.72 622282 Цб 188434 120000622282 3 0.37 Дост: Dp Вид: Д N: стар фонд Дата: 01.01.1996 Книги
  Не е изгубен   Не е повреден без рестрикции заемане за дома 18553 Регионална библиотека "Любен Каравелов" Русе Регионална библиотека "Любен Каравелов" Русе Заемна - подръчен фонд 2016-02-25 Заемна - подръчен фонд 1.20 120000798301 П 820(73)-31/Д 37 120000798301 4 0.61 Дост: DA Вид: А N: 8 Дата: 25.02.2016 Дата инв: 02.03.2018 Бележки инв: П2018 Книги
Vip Innovations Ltd, Rousse, Bulgaria 2025